Los sindicatos en Espana.

Saved in:
Bibliographic Details
Main Author: Iglesias Selgas, Carlos
Format: Book
Language:English
Published: [Madrid] : Ediciones del Movimiento , 1965.
Subjects:
LEADER 00792nam a2200217 i 4500
001 c000253696
003 CARM
005 00000000000000.0
008 840903s1965 sp 0 eng d
019 1 |a 9247222  |z 21458302  |5 LACONCORD2021 
035 |a (OCoLC)3026192  |5 LACONCORD2021 
082 0 4 |a 331.880946 
100 1 |a Iglesias Selgas, Carlos. 
245 1 4 |a Los sindicatos en Espana. 
260 |a [Madrid] :  |b Ediciones del Movimiento ,  |c 1965. 
300 |a 479 p. :  |b illus. 
500 |a Bibliography: p.463-468. 
650 0 |a Labor unions  |z Spain  |x History. 
852 8 |b CARM  |h A1:AP09B0  |i B07274  |p 0362535  |f BK 
999 f f |i 13a83103-e86e-564f-9cf2-780c5a54d499  |s 868f1ea6-8e4b-54c9-93fb-08549781a7e8 
952 f f |p Can circulate  |a CAVAL  |b CAVAL  |c CAVAL  |d CARM 1 Store  |e B07274  |f A1:AP09B0  |h Other scheme  |i book  |m 0362535